00633nam a2200193Ia 4500008004100000020001800041082001500059100001800074245003500092250000900127260004200136300003100178500001900209600003300228650001600261942000700277952013800284999001700422240925s9999 xx 000 0 und d a9788126556403 a515.15 ANT aAnton, Howard 0aCalculus: Late Transcendentals a10th aNew Delhi:bJohn Wiley & Sonsc,2016. aVarious pagesb0fOriginal aIncludes Index aHumanities & Natural Science aMathematics cBK 001040708ETaUITUbUITUd2017-05-08eBook World Internationalg1677.17l0o515.15 ANTpQ11477r2024-09-25 07:16:05w2024-09-25yBK c13976d13976